[Event "CZE-tht Extraliga 2017-18"]
[Site "Czech Republic"]
[Date "2017.12.02"]
[Round "3.7"]
[White "Sluka, Radek"]
[Black "Bures, Jaroslav"]
[Result "0-1"]
[WhiteElo "2333"]
[BlackElo "2387"]
[Annotator "TA"]
[PlyCount "96"]
[EventDate "2017.??.??"]
[EventType "team-tourn"]
[EventCountry "CZE"]
[SourceTitle "playchess.com"]
[Source "ChessBase"]
[SourceQuality "1"]

{[%evp 10,96,16,-55,36,23,30,21,35,30,28,12,24,0,0,-18,0,0,0,-93,-103,-105,-81,-117,-104,-93,-48,-150,-141,-258,-255,-251,-237,-284,-294,-394,-325,-353,-362,-346,-362,-395,-395,-395,-391,-411,-395,-384,-389,-391,-384,-385,-377,-391,-375,-380,-362,-441,-439,-485,-475,-483,-477,-517,-518,-489,-444,-426,-418,-416,-338,-329,-330,-508,-506,-510,-497,-476,-435,-492,-411,-771,-768,-758,-755,-703,-697,-29971,-1482]} 1. e4 c6 2. d4 d5 3. Nc3 dxe4 4. Nxe4 Bf5 5. Qf3 e6 6. Bd3 {LiveBook: 14 Partien. B18: Caro-Kann (Hauptvariante)} ({Günstiger ist} 6. c3 $11) (6. Ne2 Bxe4 7. Qxe4 Nf6 8. Qf3 Qb6 9. g3 c5 10. Bg2 Nc6 11. dxc5 Bxc5 12. O-O O-O 13. Bg5 {½-½ (13) Demchenko,A (2629)-Tomashevsky,E (2696) Minsk 2017}) 6... Be7 ({Lieber} 6... Qxd4 $15 7. Ne2 Qd8) 7. Ne2 Bg6 8. Bf4 $146 {Weiß hat minimalen Vorteil.} ({Vorgänger:} 8. Be3 Nf6 9. O-O Nbd7 10. N2g3 O-O 11. Nxf6+ Nxf6 12. Bxg6 hxg6 13. c4 Qa5 {0-1 (47) Mischke,L (2012)-Johann,S (2200) Germany 2005}) 8... Nf6 9. Nxf6+ Bxf6 10. Bxg6 hxg6 11. O-O-O Qd5 12. Qg3 Nd7 {[%cal Bb8d7,Bd7b6,Bb6c4][%mdl 32]} 13. Kb1 Bh4 14. Qe3 (14. Qh3 $11 {hält das Gleichgewicht.}) 14... Qxg2 $17 15. f3 {[#] zielt auf h3 ab.} Nb6 16. Nc3 Rd8 $36 {[%mdl 2048] Läuft bei Schwarz.} 17. h3 {Droht Th2 und aus.} Qf2 18. Qe4 (18. Qd3 $1 $15 Bf6 19. Ne4) 18... Bf6 {[%cal Rd8d4]} 19. Be5 (19. Ne2 $17 {war angesagt.} Qh4 20. c3) 19... Nc4 $19 20. Bxf6 gxf6 21. Qd3 {[#]} Ne5 $1 {[%mdl 512]} 22. Qe4 (22. dxe5 Rxd3) 22... Rh4 23. Rhf1 Rxe4 24. Rxf2 Rexd4 25. Re1 Rf4 26. Ref1 Ke7 27. b3 f5 28. Ne2 Rh4 29. f4 Nd7 30. Rf3 Nf6 {...Se4 ist eine echte Drohung.} 31. Kb2 Ne4 32. Re3 Kf6 33. Nc1 Rdh8 34. Rff3 g5 35. Nd3 gxf4 36. Nxf4 {und die Idee Sg2 ließe Weiss weiter hoffen.} Ng5 37. Rf1 Nxh3 38. Nd3 Ng5 39. Nc5 Rd4 40. Nxb7 Rd5 41. c4 (41. a3 $142) 41... Rd2+ 42. Ka3 Rhh2 43. Kb4 Rxa2 44. Kc5 Ra6 45. b4 (45. Nd6 $142) 45... e5 {( -> ...Se6+)} 46. b5 Ne6+ 47. Kb4 cxb5 48. c5 Nd4 {Precision: Weiß = 35%, Schwarz = 72%.} (48... Rh4+ $142 49. Kb3 Nd4+ 50. Kb2 Rh2+ 51. Kb1 Rha2 52. Rxf5+ Kxf5 53. Nd6+ Ke6 54. Kc1 Ra1+ 55. Kd2 R6a2+ 56. Kc3 Rc2+ 57. Kd3 Kd5 58. Rxe5+ Kxe5 59. Nxb5 Rd1+ 60. Ke3 Re2#) 0-1

[Event "CZE-tht Extraliga 2017-18"]
[Site "Czech Republic"]
[Date "2017.12.02"]
[Round "3.7"]
[White "Belunek, Vladimir"]
[Black "Blahynka, Martin"]
[Result "1/2-1/2"]
[WhiteElo "2214"]
[BlackElo "2418"]
[Annotator "TA"]
[PlyCount "81"]
[EventDate "2017.??.??"]
[EventType "team-tourn"]
[EventCountry "CZE"]
[SourceTitle "playchess.com"]
[Source "ChessBase"]
[SourceQuality "1"]

{[%evp 9,81,36,60,0,9,-4,0,1,36,29,34,21,34,22,29,29,23,29,29,24,28,24,28,17,25,15,23,15,14,18,29,23,25,10,22,16,16,15,13,2,12,2,2,2,6,0,14,5,9,8,18,0,0,0,0,0,0,0,0,0,0,0,0,0,0,0,0,0,0,-6,8,0,0,0]} 1. d4 {[%cal Bd2d4,Bd4d5][%mdl 32]} Nf6 2. c4 e6 3. Nf3 c5 4. d5 b5 5. Bg5 d6 {LiveBook: 6 Games} (5... b4 6. e4 d6 7. Bd3 Be7 8. a3 O-O 9. axb4 cxb4 10. O-O a5 11. dxe6 Bxe6 12. Nd4 Qc8 13. Nd2 h6 {½-½ (25) Mareco,S (2644)-Delgado Ramirez,N (2611) Ponta Grossa 2017}) 6. e4 {E10: Blumenfeld Gambit} (6. cxb5 $14 Nbd7 7. dxe6 fxe6 8. g3) 6... Be7 $11 7. Nbd2 bxc4 $146 ({Predecessor:} 7... O-O 8. dxe6 fxe6 9. cxb5 Bb7 10. Bd3 Nh5 11. Bxe7 Qxe7 12. g3 Nd7 13. O-O {1-0 (29) Farago,I (2420)-Sobolevsky,L (2252) Nuremberg 2010}) 8. Bxc4 Nxd5 9. exd5 {[#] Hoping for Ne4.} Bxg5 10. Nxg5 Qxg5 11. O-O {Black must now prevent dxe6.} O-O 12. Ne4 Qe7 13. dxe6 Bxe6 14. Qxd6 Qxd6 15. Nxd6 Bxc4 16. Nxc4 Nc6 17. Rad1 Rad8 18. Rxd8 Rxd8 {[%mdl 4096] Endgame KRN-KRN} 19. Rc1 Nd4 {[#] And now ...Ne2+ would win.} 20. Kf1 Kf8 21. Na5 Ne6 {The position is equal.} 22. Nb3 Rd5 23. g3 Ke7 24. Ke2 Kd6 25. Rc4 Kc6 26. Ra4 Rd7 27. Re4 Kd5 28. Nd2 f5 29. Ra4 g5 30. h3 Nd4+ 31. Kd3 Nc6 32. a3 Rb7 33. b3 h5 34. h4 g4 35. Rf4 Ke6 36. Ra4 Kd5 37. Rf4 Ke6 38. Ra4 Rd7+ 39. Ke3 Rb7 40. Kd3 Rd7+ 41. Ke3 {Precision: White = 55%, Black = 70%.} 1/2-1/2

[Event "CZE-tht Extraliga 2017-18"]
[Site "Czech Republic"]
[Date "2017.12.02"]
[Round "3.8"]
[White "Polak, Tomas"]
[Black "Hollan, Martin"]
[Result "1-0"]
[WhiteElo "2516"]
[BlackElo "2163"]
[Annotator "TA"]
[PlyCount "63"]
[EventDate "2017.??.??"]
[EventType "team-tourn"]
[EventCountry "CZE"]
[SourceTitle "playchess.com"]
[Source "ChessBase"]
[SourceQuality "1"]

{[%evp 13,63,23,30,21,27,-8,16,5,12,0,27,4,21,22,31,41,25,16,57,41,56,44,40,22,12,17,72,39,196,204,205,193,195,225,339,234,381,388,458,283,614,630,916,927,833,725,702,641,627,601,29993,29994]} 1. d4 Nf6 2. c4 e6 3. Nf3 Bb4+ 4. Bd2 Qe7 5. g3 Nc6 6. Bg2 Bxd2+ {E11: Bogo-Indian} 7. Nbxd2 O-O {LiveBook: 143 Games} 8. a3 (8. O-O d6 9. e4 a5 10. d5 Nd8 11. e5 dxe5 12. Nxe5 exd5 13. Re1 Be6 14. cxd5 Nxd5 15. Nb3 c6 16. Nd4 Qb4 17. a3 Qb6 18. Nxe6 fxe6 {1-0 (73) Dubov,D (2648)-Bologan,V (2640) Sochi 2016}) 8... a5 {The position is equal.} 9. Nf1 e5 10. Ne3 d6 11. O-O Bd7 $146 ({Predecessor:} 11... h6 12. Rc1 Re8 13. d5 Nb8 14. b4 Na6 15. Qb3 Ne4 {1-0 (47) Graf,F (2207)-Grant,A (2206) Hastings 2007}) 12. Re1 a4 13. dxe5 Nxe5 14. Nd4 Ra5 15. Rc1 {[%cal Ba1c1,Bc1c3,Bc3c7,Bc7a7][%mdl 32]} b6 16. Qd2 h5 17. Rc3 Re8 18. f4 Neg4 19. Nxg4 Nxg4 (19... hxg4 $11 20. e4 Rc5) 20. e4 {[%cal Be2e4,Be4e5][%mdl 32]} d5 $2 ({Better is} 20... Qd8 $14) 21. cxd5 $18 Rxd5 {[#] ...c5 is the strong threat.} 22. Rxc7 {Threatens to win with h3.} Rc5 23. Ra7 Rd8 (23... Qd8 $142 24. Rd1 Rc7) 24. Qb4 Qf6 (24... Qf8 {was called for.} 25. e5 b5) 25. e5 Qh6 26. Nf3 Bf5 $2 (26... Qc6 27. Nd4 Qc8) 27. h3 Rc2 28. Qe7 Rf8 29. hxg4 hxg4 30. Nh4 Be6 31. Rd1 {Intending Qxf8+! and mate.} Rxb2 {[#]} 32. Qxf8+ $1 {[%mdl 512] Precision: White = 61%, Black = 20%.} 1-0

[Event "CZE-tht Extraliga 2017-18"]
[Site "Czech Republic"]
[Date "2017.12.02"]
[Round "3.8"]
[White "Meduna, Eduard"]
[Black "Jirovsky, Milos"]
[Result "1/2-1/2"]
[WhiteElo "2399"]
[BlackElo "2446"]
[Annotator "TA"]
[PlyCount "37"]
[EventDate "2017.??.??"]
[EventType "team-tourn"]
[EventCountry "CZE"]
[SourceTitle "playchess.com"]
[Source "ChessBase"]
[SourceQuality "1"]

{[%evp 18,37,-12,-17,0,0,4,-12,-12,-48,-39,-56,-60,-62,-73,-72,-48,-37,-49,-66,-62,-75]} 1. d4 d5 2. Nf3 Nf6 3. Bf4 c5 4. c3 Qb6 5. Qb3 Nc6 6. e3 c4 7. Qc2 Bf5 8. Qc1 Rc8 {D02: 1 d4 d5 2 Nf3 sidelines, including 2...Nf6 3 g3 and 2...Nf6 3 Bf4} (8... h6 9. h3 e6 10. Nbd2 Be7 11. Be2 Qd8 12. Ne5 Nxe5 13. Bxe5 O-O 14. O-O b5 15. Re1 Ne4 16. Bf3 Ng5 17. Bd1 {½-½ (36) Stupak,K (2573)-Gelfand,B (2729) Tbilisi 2017}) 9. Nbd2 e6 10. Be2 {LiveBook: 4 Games} Qd8 {The position is equal.} 11. O-O Bd6 12. Ne5 $146 ({Predecessor:} 12. Bxd6 Qxd6 13. b3 b5 14. a4 a6 15. axb5 axb5 16. Nh4 O-O {½-½ (16) Wohl,A (2379)-Blagojevic,D (2521) Arco 2003}) 12... O-O 13. Bg3 Qc7 {[%cal Rc6e5]} 14. f4 Ne4 15. Bf3 Nxd2 16. Qxd2 f6 {[%cal Bf7f6,Bf6f5][%mdl 32]} 17. Ng4 {Black is slightly better.} Bg6 18. Nf2 f5 $1 19. Bh4 1/2-1/2

[Event "CZE-tht Extraliga 2017-18"]
[Site "Czech Republic"]
[Date "2017.12.02"]
[Round "3.8"]
[White "Talla, Vladimir"]
[Black "Kriebel, Tadeas"]
[Result "1/2-1/2"]
[WhiteElo "2395"]
[BlackElo "2507"]
[Annotator "TA"]
[PlyCount "45"]
[EventDate "2017.??.??"]
[EventType "team-tourn"]
[EventCountry "CZE"]
[SourceTitle "playchess.com"]
[Source "ChessBase"]
[SourceQuality "1"]

{[%evp 20,45,0,10,20,16,19,10,15,15,23,34,15,24,17,30,67,51,34,0,0,0,0,0,0,0,7,0]} 1. d4 Nf6 2. c4 e6 3. e3 c5 4. Nf3 d5 5. Nc3 Nc6 6. a3 a6 7. dxc5 Bxc5 8. b4 Bd6 9. Bb2 O-O 10. Rc1 dxc4 {D40: Queen's Gambit Declined: Semi-Tarrasch with 5 e3} (10... h6 11. Bd3 {½-½ (11) Ghaem Maghami,E (2551)-Ganguly,S (2654) Tashkent 2016}) 11. Bxc4 {LiveBook: 8 Games} Qe7 12. O-O Rd8 13. Qc2 b5 $146 ({Predecessor:} 13... Bd7 14. Ne4 Nxe4 15. Qxe4 Kh8 16. Qg4 e5 17. Qh5 f6 18. Rfd1 Be8 19. Qg4 Bd7 20. Qh5 Be8 21. Qg4 Bd7 22. Qh5 Be8 {½-½ (22) Koskinen,H (2237)-Ahvenjarvi,J (2276) Finland 2015}) 14. Bd3 {Black should prevent Ne4.} Bb7 15. Ne4 Nxe4 16. Bxe4 Rac8 17. Qe2 f5 18. Bb1 a5 19. Qxb5 {[#] Threatens to win with Ba2.} axb4 {The position is equal.} 20. axb4 Nxb4 {White must now prevent ...Rb8.} 21. Rxc8 Rxc8 22. Rc1 Rb8 {[#] Strongly threatening ...Bxf3.} 23. Qe2 1/2-1/2

[Event "CZE-tht Extraliga 2017-18"]
[Site "Czech Republic"]
[Date "2017.12.02"]
[Round "3.8"]
[White "Jasny, Stanislav"]
[Black "Holemar, David"]
[Result "1-0"]
[WhiteElo "2362"]
[BlackElo "2296"]
[Annotator "TA"]
[PlyCount "92"]
[EventDate "2017.??.??"]
[EventType "team-tourn"]
[EventCountry "CZE"]
[SourceTitle "playchess.com"]
[Source "ChessBase"]
[SourceQuality "1"]

{[%evp 23,92,8,10,0,-7,-17,41,34,34,-18,-18,-18,-15,-23,-21,-21,-21,-31,62,52,123,118,74,-113,82,81,77,73,88,73,99,100,129,123,208,115,189,107,222,222,243,240,233,225,191,205,212,217,356,409,381,389,553,552,521,482,584,543,1115,511,12837,12835,7710,6817,12841,12841,12842,12842,12847,12847,29998]} 1. c4 g6 2. g3 Bg7 3. Bg2 e5 4. Nc3 f5 5. e3 Nc6 6. d3 Nf6 7. Nge2 O-O 8. O-O d6 9. Rb1 Be6 10. Nd5 Rb8 11. b4 Ne7 {A25: English Opening vs King's Indian with ...Nc6 but without early d3} 12. Nec3 c6 {LiveBook: 3 Games} 13. Nxe7+ (13. Nxf6+ Bxf6 14. b5 d5 15. bxc6 bxc6 16. Qa4 e4 17. cxd5 cxd5 18. Rxb8 Qxb8 {½-½ (32) Timofeev,A (2549)-Palchun,G (2441) Sochi 2017}) 13... Qxe7 {The position is equal.} 14. b5 {[#]} d5 (14... e4 $1 $11 {[%mdl 512]}) 15. Qa4 $14 dxc4 $146 ({Predecessor:} 15... Qd7 16. Ba3 Rfd8 17. bxc6 bxc6 18. cxd5 Nxd5 19. Nxd5 Bxd5 20. Rxb8 Rxb8 21. Bxd5+ Qxd5 22. Qxa7 {1-0 (39) Lamprecht,M (2210)-Rodemann,E (2064) NRW 2001}) 16. Ba3 (16. bxc6 $14 bxc6 17. Ba3) 16... c5 $11 17. d4 b6 18. dxc5 bxc5 19. Rfd1 e4 20. Bf1 $1 {[%cal Bg2f1,Bf1c4,Bc4e6][%mdl 32]} Ng4 ({Black should try} 20... Nd7 $15 21. Bxc4 Nb6 22. Bxe6+ Qxe6) 21. Bxc4 Ne5 (21... Rfd8 $14) 22. Bxe6+ $1 $16 Qxe6 23. Nd5 $2 (23. Bxc5 $16 Nf3+ 24. Kg2 Bxc3 25. Bxf8 Rxf8 26. Rbc1) 23... Rfd8 $2 (23... Nd3 $17 24. Qb3 Rb7) 24. Qxa7 {Strongly threatening Ne7+.} Nd3 25. Nf4 $1 {[%cal Rf4e6]} Qxa2 26. Nxd3 exd3 27. Bxc5 $40 {[%mdl 128] White is out for blood.} Qd5 28. Qa3 h5 {[#]} (28... Be5 $16 {was called for.}) 29. h4 ({White should play} 29. Bd4 $1 $18 {[%mdl 512]}) 29... Kh7 {[#]} (29... Rd7 $16) 30. b6 (30. Bd4 $1 $18 {[%mdl 512]}) 30... Be5 {[#]} (30... Rd7 $16 31. Rd2 Qc6) 31. Bd4 $1 $18 {[%mdl 512]} Bxd4 32. Qxd3 ({Stronger than} 32. exd4 Qxd4 33. Rb3 d2 $14) 32... Qa5 {And now ...Bf6 would win.} 33. exd4 Rxb6 34. Rxb6 Qxb6 {[%mdl 4096] Endgame KQR-KQR} 35. d5 f4 (35... Qd6 {was necessary.} 36. Qd4 f4 37. Qxf4 (37. gxf4 Qe7 $18) 37... Qxf4 38. gxf4 Kg8) 36. gxf4 Qf6 37. Qg3 Rd6 (37... Re8 $142 38. Qg5 Qd6) 38. Qg5 {White is clearly winning.} Qf7 39. Qe5 Qd7 {intending ...Qg4+.} 40. Rd3 Qg4+ 41. Kf1 (41. Rg3 $142 Qd1+ 42. Kh2 Qxd5 43. Qe7+ Kh6 {[#]} 44. f5 $1 {[%mdl 512]}) 41... Ra6 (41... Rd7 $142 42. Qg5 Qxg5 43. fxg5 Kg7) 42. d6 {[%cal Bd5d6,Bd6d7][%mdl 32]} Ra7 {[#]} 43. f5 $1 {[%cal Bf4f5,Bf5g6][%mdl 32] White wants to mate with d7.} Qxh4 (43... Qxf5 44. Qxf5) 44. fxg6+ Kg8 45. d7 Qh1+ 46. Ke2 {[%cal Rd7d8]} Ra8 {Precision: White = 62%, Black = 22%.} 1-0

[Event "CZE-tht Extraliga 2017-18"]
[Site "Czech Republic"]
[Date "2017.12.02"]
[Round "3.8"]
[White "Musil, Martin"]
[Black "Studnicka, Tomas"]
[Result "0-1"]
[WhiteElo "1997"]
[BlackElo "2316"]
[Annotator "TA"]
[PlyCount "130"]
[EventDate "2017.??.??"]
[EventType "team-tourn"]
[EventCountry "CZE"]
[SourceTitle "playchess.com"]
[Source "ChessBase"]
[SourceQuality "1"]

{[%evp 15,130,-32,-15,-36,-31,-39,-30,-47,26,-8,35,14,26,-27,-16,-25,-15,-44,-47,-91,-95,-92,-93,-120,-137,-136,-111,-137,-120,-159,-161,-183,-173,-215,-199,-227,-129,-127,-143,-193,-148,-139,-129,-156,-125,-147,-104,-109,-118,-118,-102,-114,-111,-114,-110,-114,-117,-119,-116,-119,-119,-125,-125,-138,-125,-153,-153,-156,-115,-147,-123,-185,-151,-218,-203,-250,-248,-283,-279,-265,-280,-283,-134,-137,-131,-125,-129,-270,-240,-792,-774,-735,-689,-29966,-29966,-29964,-29966,-29941,-6064,-1497,-150,-150,-6,-12790,-8151,-29977,-29977,-29980,-29981,-29985,-29986,-29984,-29985,-29995,-29996,-29997,-29998]} 1. e4 c5 2. Nf3 g6 3. d4 cxd4 4. Nxd4 Bg7 5. c3 Nc6 6. Be3 Nf6 7. Nd2 O-O 8. Be2 d5 9. Nxc6 {B34: Sizilianisch (Beschleunigtes Fianchetto)} bxc6 10. e5 Nd7 11. f4 {Schwarz hat minimalen Vorteil.} a5 (11... f6 $15) (11... f6 12. exf6 Bxf6 13. O-O e6 14. Bf3 Qc7 15. Nb3 Qd6 16. Qd2 a5 {1-0 (49) Gunbayar,M (2278)-Caprino,M (2186) Spoleto 2017}) 12. O-O Ba6 13. Nf3 e6 14. a3 $146 (14. Bxa6 $142 Rxa6 15. Qe2) ({Vorgänger:} 14. Nd4 Qc7 15. Bxa6 Rxa6 16. Qg4 Rb8 {0-1 (45) Pozo Vinuesa,E (1547)-Martin Hernandez,J (1884) Tenerife 2013}) 14... Bxe2 $11 15. Qxe2 a4 16. Qc2 c5 17. b4 axb3 $1 18. Qxb3 Qa5 19. Rfe1 Rfb8 20. Qc2 Nb6 21. Ra2 Nc4 22. Bc1 Qa4 23. Qf2 Qb3 24. Rae2 Qxc3 25. f5 exf5 ({Günstiger ist} 25... Rb1 $19 26. Rc2 Qd3) 26. Qxc5 $17 Qa5 27. Qe7 Qa7+ 28. Qxa7 Rxa7 29. e6 fxe6 30. Rxe6 Bc3 31. Re8+ Rxe8 32. Rxe8+ Kf7 33. Rd8 Ke6 34. Ng5+ Ke5 $1 35. Nf3+ Ke4 $1 36. Ng5+ Kd4 37. Nf3+ Kc5 $1 38. Rc8+ Kb5 39. Rb8+ Kc6 40. Rc8+ Kd7 41. Rf8 Rb7 42. Kf2 Rb1 43. Bg5 (43. Bf4 $17) 43... Rb2+ 44. Kg3 (44. Kf1 $17) 44... Nd6 $1 $19 ({Finger weg von} 44... Nxa3 45. Rd8+ Ke6 46. Re8+ Kd7 47. Rd8+ Kc7 48. Rxd5 $17) 45. Kh3 d4 46. Ne5+ Ke6 47. Nd3 Ra2 48. Rd8 Rxa3 (48... Ba5 $1 $19 {[%cal Ra5d8] bietet bessere Gewinnchancen.} 49. Nf4+ Ke5) 49. g3 $17 Ba5 50. Nf4+ Ke5 {[#]} 51. Rd7 (51. Bf6+ $1 $17 {[%mdl 512]} Kxf6 52. Rxd6+ Ke7 53. Rxd4) 51... d3 $19 52. Bf6+ $2 (52. Rxh7 d2 53. Nxg6+ Kd5 54. Bxd2 Bxd2 55. Kg2) 52... Kxf6 53. Rxd6+ Ke5 54. Rxd3 Rxd3 55. Nxd3+ {[%mdl 4096] Endspiel KL-KS} Ke4 56. Nc5+ {[#]} Kf3 $1 {( -> ...Lc3)} 57. Ne6 h6 $2 (57... Bd2 $19 {und Schwarz behält klar die Oberhand. ...Lb4 ist eine echte Drohung.} 58. Nd4+ Kf2) 58. Nd4+ $17 Kf2 (58... Ke4 $17 59. Nb5 Bb4) 59. Ne6 $2 {[%mdl 8192]} (59. Nc6 $11 Bc3 60. Ne7) 59... Bd2 $19 60. g4 f4 {Schwarz setzt Matt.} 61. g5 h5 62. Nf8 f3 63. Nxg6 {[#]} Ke2 $1 64. Nh4 f2 65. Nf5 f1=Q+ {Precision: Weiß = 37%, Schwarz = 54%.} 0-1